Лекции о развитии математики в XIX столетии (Запись № 30290)
[ простой вид ]
| 000 -МАРКЕР | |
|---|---|
| контрольное поле | 00898nam a2200229 ca4500 |
| 001 - КОНТРОЛЬНЫЙ НОМЕР ЗАПИСИ | |
| контрольное поле | 000030290 |
| 003 - ПРИНАДЛЕЖНОСТЬ КОНТРОЛЬНОГО НОМЕРА | |
| контрольное поле | RuMoIPM |
| 005 - ДАТА И ВРЕМЯ ПОСЛЕДНЕЙ ТРАНЗАКЦИИ | |
| контрольное поле | 20260413115054.0 |
| 008 - ЭЛЕМЕНТЫ ДАННЫХ ФИКСИРОВАННОЙ ДЛИНЫ | |
| контрольное поле | 260413s2003 ru ||||| |||| 00| 0 rus d |
| 020 ## - МЕЖДУНАРОДНЫЙ СТАНДАРТНЫЙ НОМЕР КНИГИ (ISBN) | |
| международный стандартный номер книги | 5-93972-208-3 |
| 040 ## - ОРГАНИЗАЦИЯ-СОЗДАТЕЛЬ ЗАПИСИ | |
| организация-создатель исходной библиографической записи | RuMoIPM |
| язык каталогизации | rus |
| правила каталогизации | rcr |
| 041 ## - КОД ЯЗЫКА | |
| код языка текста | Русский |
| код языка оригинала и/или промежуточных переводов текста | ger |
| 044 ## - КОД СТРАНЫ ПУБЛИКАЦИИ/ИЗГОТОВЛЕНИЯ | |
| MARC код страны публикации/изготовления | Российская Федерация |
| 080 ## - ИНДЕКС УНИВЕРСАЛЬНОЙ ДЕСЯТИЧНОЙ КЛАССИФИКАЦИИ | |
| индекс Универсальной десятичной классификации | 51(091) |
| 100 1# - ИМЯ ЛИЦА КАК ОСНОВНОЙ ПОИСКОВЫЙ ПРИЗНАК | |
| имя лица | Клейн, Феликс |
| 245 10 - ОБЛАСТЬ ЗАГЛАВИЯ И СВЕДЕНИЙ ОБ ОТВЕТСТВЕННОСТИ | |
| заглавие | Лекции о развитии математики в XIX столетии |
| сведения, относящиеся к заглавию, и т. д | В 2 т. |
| сведения об ответственности и т. д | Ф. Клейн ; Пер. с нем. В. А. Антонова ; Под ред. Б. П. Кондратьева |
| 260 ## - ОБЛАСТЬ ВЫХОДНЫХ ДАННЫХ | |
| место публикации, распространения, изготовления и т. д | Москва |
| -- | Ижевск |
| издательство, издатель, распространитель и т. д | Ин-т компьют. исслед. |
| дата издания, распространения и т. д | 2003 |
| 500 ## - ПРИМЕЧАНИЕ ОБЩЕГО ХАРАКТЕРА | |
| текст примечания | Пер. изд. : Vorlesungen uber die Entwicklung der Mathematik im 19.Jahrhundert |
| 700 1# - ИМЯ ЛИЦА КАК ДОБАВОЧНЫЙ ПОИСКОВЫЙ ПРИЗНАК | |
| имя лица | Антонов, В. А. |
| роль лица относительно произведения | пер. |
| 700 1# - ИМЯ ЛИЦА КАК ДОБАВОЧНЫЙ ПОИСКОВЫЙ ПРИЗНАК | |
| имя лица | Кондратьев, Борис Петрович |
| роль лица относительно произведения | ред. |
| 942 ## - ДАННЫЕ О ЗАПИСИ (KOHA) | |
| Тип экземпляра (KOHA) | Книга |
Нет доступных экземпляров.